[Event "Challenge"]
[Site "http://www.queenalice.com/game.php?id=381094"]
[Date "2008.4.2"]
[Round "-"]
[White "babidiplay"]
[Black "Aldino"]
[Result "1-0"]
[WhiteElo "1682"]
[BlackElo "1208"]

1. e4 e5 2. Nf3 d6 3. d4 exd4 4. Qxd4 Nc6 5. Bb5 Bd7 6. Bxc6 Bxc6 7. O-O Nf6 8.
Nc3 Be7 9. Bg5 h6 10. Bxf6 Bxf6 11. Qe3 O-O 12. Nd5 Bxb2 13. Rab1 Ba3 14. Rfd1
Re8 15. Qxa3 Rxe4 16. Qd3 Re6 17. Re1 Rxe1+ 18. Rxe1 Qd7 19. Re7 Qd8 20. Rxc7
Rc8 21. Rxc8 1-0

[Event "Challenge"]
[Site "http://www.queenalice.com/game.php?id=381726"]
[Date "2008.4.3"]
[Round "-"]
[White "Jane"]
[Black "babidiplay"]
[Result "0-1"]
[WhiteElo "1546"]
[BlackElo "1786"]

1. e4 c5 2. Bc4 d6 3. Nc3 Nf6 4. d3 g6 5. Bg5 Bg7 6. Bxf6 Bxf6 7. Qf3 O-O 8. Nh3
Bxc3+ 9. bxc3 Nc6 10. Ng5 Qa5 11. O-O Qxc3 12. Bxf7+ Kh8 13. Qh3 Qg7 14. Be6 Nd4
15. Bxc8 Rfxc8 16. Rab1 b6 17. c3 Ne2+ 18. Kh1 Nf4 19. Qf3 Nh5 20. Ne6 Qxc3 21.
d4 Qxf3 22. gxf3 cxd4 23. Nxd4 Nf4 24. a4 Rc4 25. Ra1 Rxd4 26. h4 Rd3 27. a5
bxa5 28. Rxa5 Rxf3 29. e5 Rh3+ 30. Kg1 Rxh4 31. exd6 exd6 32. Rd1 Rb8 33. Rxa7
Nh3+ 34. Kg2 Rd8 35. Kg3 g5 36. f4 Nxf4 37. Rf1 Ng6 38. Rff7 d5 39. Kf2 d4 40.
Ke2 Ne5 41. Rfe7 Nc6 42. Red7 Rxd7 43. Rxd7 g4 44. Rc7 Ne5 45. Rc5 Nf3 46. Rf5
Rh2+ 47. Kf1 d3 48. Rf8+ Kg7 49. Rg8+ Kh6 50. Rg6+ Kh5 51. Rg5+ Nxg5 52. Kg1 Ra2
53. Kf1 d2 54. Kf2 d1=Q+ 55. Kg3 Qb3+ 56. Kf4 Ra4+ 57. Kf5 Qe6# 0-1

[Event "Challenge"]
[Site "http://www.queenalice.com/game.php?id=381727"]
[Date "2008.4.3"]
[Round "-"]
[White "babidiplay"]
[Black "Jane"]
[Result "1-0"]
[WhiteElo "1724"]
[BlackElo "1539"]

1. d4 e6 2. c4 Nc6 3. Nf3 Bb4+ 4. Bd2 Bxd2+ 5. Nbxd2 Nf6 6. g3 d5 7. cxd5 Qxd5
8. Bg2 Qa5 9. O-O e5 10. e3 exd4 11. exd4 Bg4 12. Nb3 Bxf3 13. Bxf3 Qf5 14. Nc5
Nd5 15. Re1+ Nde7 16. d5 Ne5 17. d6 cxd6 18. Qxd6 Rd8 19. Qxe5 Qxe5 20. Rxe5 O-O
21. Rxe7 b6 22. Nd7 Rfe8 23. Rxe8+ Rxe8 24. Rc1 h6 25. Rc7 a5 26. Bd5 g5 27.
Nf6+ Kf8 28. Nxe8 Kxe8 29. Bxf7+ Kd8 30. Rb7 h5 31. Rxb6 h4 32. gxh4 gxh4 33.
Rb7 Kc8 34. Ra7 a4 35. f4 a3 36. b4 h3 37. Bh5 Kb8 38. Rh7 Kc8 39. f5 Kd8 40. f6
Kc8 41. f7 Kd7 42. f8=Q+ Ke6 43. Re7+ Kd6 44. Qd8+ Kc6 45. Rc7+ Kb5 46. Qb8+ Ka4
47. Ra7# 1-0

[Event "AUTO-INT-857"]
[Site "http://www.queenalice.com/game.php?id=382976"]
[Date "2008.4.6"]
[Round "1"]
[White "Jamtony"]
[Black "babidiplay"]
[Result "0-1"]
[WhiteElo "1611"]
[BlackElo "1754"]

1. e4 e5 2. Bc4 Nc6 3. Qf3 Nf6 4. Nh3 Bc5 5. Ng5 O-O 6. Nc3 Nd4 7. Qd3 d6 8. Nd5
Nxd5 9. h4 Be6 10. Bxd5 Bxd5 11. exd5 g6 12. c3 Nf5 13. O-O h6 14. Nf3 Re8 15.
b4 e4 16. Qc4 exf3 17. bxc5 fxg2 18. Kxg2 Nxh4+ 19. Kg1 Qg5+ 20. Kh2 Qg2# 0-1

[Event "AUTO-INT-857"]
[Site "http://www.queenalice.com/game.php?id=382977"]
[Date "2008.4.6"]
[Round "1"]
[White "babidiplay"]
[Black "Jamtony"]
[Result "1-0"]
[WhiteElo "1804"]
[BlackElo "1668"]

1. e4 e5 2. Nf3 Nc6 3. Bc4 Qf6 4. O-O a6 5. Nc3 h6 6. d3 Nd4 7. Nxd4 exd4 8. Nd5
Qd6 9. Bf4 Qc6 10. Nxc7+ Kd8 11. Nxa8 b5 12. Bd5 Qf6 13. Bc7+ Ke8 14. Qg4 Qe7
15. Nb6 h5 16. Qh3 Qc5 17. Qf5 Nh6 18. Qe5+ Qe7 19. Nxc8 Qxe5 20. Bxe5 Ng4 21.
Nd6+ Ke7 22. Nf5+ Kd8 23. Bxd4 Rg8 24. Bxf7 Rh8 25. Bxg7 Bxg7 26. Nxg7 Rh7 27.
Bxh5 Nf6 28. e5 Ng8 29. e6 Rxg7 30. exd7 Nf6 31. Be8 Nxe8 32. dxe8=Q+ Kxe8 33.
Rfe1+ Kf7 34. Re5 Kf6 35. Rae1 Kg6 36. Re6+ Kh5 37. R1e5+ Rg5 38. Rxg5+ Kxg5 39.
Rxa6 Kf5 40. Ra5 1-0

[Event "AUTO-INT-857"]
[Site "http://www.queenalice.com/game.php?id=383004"]
[Date "2008.4.6"]
[Round "1"]
[White "babidiplay"]
[Black "blauwmeisje7"]
[Result "1-0"]
[WhiteElo "1804"]
[BlackElo "1223"]

1. e4 e5 2. Nf3 Bc5 3. Bc4 d6 4. O-O Bg4 5. h3 Bxf3 6. Qxf3 Qh4 7. Qxf7+ Kd8 8.
Qxg7 Ne7 9. Qxh8+ Kd7 10. g3 Qxe4 11. d3 Qe2 12. Nc3 Qf3 13. Qxh7 Nc6 14. Nd5
Rg8 15. Nxe7 Nxe7 16. Bxg8 d5 17. Bg5 Kc6 18. Bxe7 1-0

[Event "AUTO-INT-857"]
[Site "http://www.queenalice.com/game.php?id=383005"]
[Date "2008.4.6"]
[Round "1"]
[White "blauwmeisje7"]
[Black "babidiplay"]
[Result "0-1"]
[WhiteElo "1246"]
[BlackElo "1804"]

1. e4 c5 2. c4 g6 3. d3 Bg7 4. Bg5 Bxb2 5. Nd2 Bxa1 6. Qxa1 f6 7. Bh4 Nc6 8. g4
Nd4 9. Nh3 Nc2+ 10. Kd1 Nxa1 11. Nf3 Qa5 12. Nf4 Qxa2 13. Be2 Qb1+ 14. Kd2 Qxh1
15. Nd5 Qb1 16. g5 Qc2+ 17. Ke3 Nb3 0-1

[Event "Challenge"]
[Site "http://www.queenalice.com/game.php?id=393008"]
[Date "2008.4.25"]
[Round "-"]
[White "babidiplay"]
[Black "dani29rock"]
[Result "1-0"]
[WhiteElo "1799"]
[BlackElo "1771"]

1. e4 e5 2. Nf3 d6 3. d4 exd4 4. Qxd4 Nc6 5. Bb5 Bd7 6. Bxc6 Bxc6 7. Nc3 Nf6 8.
Bg5 Be7 9. O-O O-O 10. e5 dxe5 11. Qxe5 h6 12. Rad1 Qe8 13. Bxf6 Bxf6 14. Qxc7
Rc8 15. Qa5 Bxf3 16. gxf3 Qc6 17. Rd3 Rfd8 18. Rfd1 Bxc3 19. bxc3 Rxd3 20. Rxd3
Qg6+ 21. Kf1 Qxd3+ 22. cxd3 a6 23. d4 g6 24. Qb6 Rxc3 25. d5 Rxf3 26. Qxb7 Rd3
27. Ke2 Rxd5 28. Qxd5 h5 29. Qa8+ Kg7 30. Qxa6 g5 31. Qd3 g4 32. a4 Kh6 33. a5
h4 34. a6 1-0

[Event "Challenge"]
[Site "http://www.queenalice.com/game.php?id=396962"]
[Date "2008.5.2"]
[Round "-"]
[White "vasileC"]
[Black "babidiplay"]
[Result "1-0"]
[WhiteElo "1873"]
[BlackElo "1826"]

1. Nf3 c5 2. e4 Nf6 3. e5 Nd5 4. c4 Nb6 5. b3 Nc6 6. Be2 Qc7 7. Bb2 d6 8. exd6
Qxd6 9. O-O Qg6 10. Nh4 Qg5 11. g3 Bh3 12. Ng2 e5 13. Bf3 O-O-O 14. Bc3 f5 15.
Bxc6 bxc6 16. Bxe5 Bg4 17. f3 Bh5 18. Nf4 Bd6 19. Bxd6 Rxd6 20. a4 Rhd8 21. Qe2
Re8 22. Qg2 Red8 23. Ra2 Nd7 24. Nxh5 Rd3 25. Nf4 1-0

[Event "Challenge"]
[Site "http://www.queenalice.com/game.php?id=396963"]
[Date "2008.5.2"]
[Round "-"]
[White "babidiplay"]
[Black "vasileC"]
[Result "0-1"]
[WhiteElo "1798"]
[BlackElo "1873"]

1. e4 Nc6 2. Nf3 d5 3. exd5 Qxd5 4. Nc3 Qe6+ 5. Be2 Bd7 6. O-O h6 7. d4 Qg6 8.
g3 O-O-O 9. Bf4 Bh3 10. Re1 Nb4 11. Ne5 Qf5 12. Bd3 Nxd3 13. Qxd3 Qxd3 14. cxd3
Be6 15. d5 Bxd5 16. Nxd5 Rxd5 17. Nxf7 Rh7 18. Red1 g5 19. Ne5 gxf4 20. Ng6 Bg7
21. Nxf4 Rd6 22. Re1 Bxb2 23. Rab1 Bc3 24. Rec1 Bd2 25. Rc4 Bxf4 26. Rxf4 Nf6
27. d4 h5 28. Re1 Ng4 29. h3 Nf6 30. Kg2 b5 31. Kf3 Kd7 32. g4 hxg4+ 33. hxg4
Rh3+ 34. Kg2 Rd3 35. g5 Nh5 36. Rf7 Re6 37. Rb1 a6 0-1

[Event "Challenge"]
[Site "http://www.queenalice.com/game.php?id=396964"]
[Date "2008.5.2"]
[Round "-"]
[White "babidiplay"]
[Black "vasileC"]
[Result "0-1"]
[WhiteElo "1778"]
[BlackElo "1897"]

1. e4 e5 2. Nf3 Nc6 3. Bc4 Bc5 4. O-O h6 5. c3 Nf6 6. d4 exd4 7. cxd4 Bb6 8. d5
Na5 9. Qa4 O-O 10. Nc3 a6 11. Bf4 Re8 12. Rfe1 Ng4 13. h3 Nxf2 14. Kh2 Nxc4 15.
Qxc4 Qf6 16. Bg3 d6 17. Bxf2 Bxf2 18. Rf1 Qf4+ 19. Kh1 Qg3 20. Qe2 Bc5 21. Qd3
Bxh3 22. Qd2 Bg4 23. Ne2 Qxf3 24. gxf3 Bh3 25. Rfc1 Re5 26. Ng3 Rg5 27. Qh2 Bd7
28. f4 Rg4 29. Rf1 Kh7 30. a3 g6 31. Kg2 h5 32. f5 h4 33. Qh3 Rxg3+ 34. Kh2
Rxh3+ 35. Kxh3 g5 36. b4 Bd4 37. Rac1 Bb5 38. Rfd1 Bb2 39. Ra1 Bxa1 0-1

[Event "Challenge"]
[Site "http://www.queenalice.com/game.php?id=396965"]
[Date "2008.5.2"]
[Round "-"]
[White "babidiplay"]
[Black "vasileC"]
[Result "1-0"]
[WhiteElo "1761"]
[BlackElo "1942"]

1. e4 e5 2. Nf3 Nc6 3. Bc4 d6 4. Nc3 Be6 5. Bxe6 fxe6 6. O-O Qe7 7. d3 h6 8. b3
O-O-O 9. d4 exd4 10. Nxd4 Nxd4 11. Qxd4 c5 12. Qd1 d5 13. exd5 Nf6 14. Re1 Nxd5
15. Nxd5 Rxd5 16. Qxd5 Qf6 17. Qxe6+ Qxe6 18. Rxe6 Kd7 19. Re5 Bd6 20. Rd5 Kc6
21. Rd3 Re8 22. Be3 b6 23. Rad1 Re6 24. Rc3 Be5 25. Rcd3 g5 26. Rd7 a5 27. g3
Rd6 28. R7xd6+ Bxd6 29. f4 g4 30. f5 h5 31. f6 Be5 32. f7 Bg7 33. Rd8 Kb5 34.
Rg8 Bc3 35. f8=Q Kb4 36. Qf4+ Ka3 37. Bc1+ Kxa2 38. Qa4+ Kb1 39. Be3 Kxc2 40.
b4+ Kd3 41. bxc5 Kxe3 42. cxb6 Bb4 43. b7 Kf3 44. Kh1 h4 45. b8=Q hxg3 46. Qxg3+
Ke4 47. Qxg4+ Kd3 48. Qb3+ Bc3 49. Qf3+ Kd4 50. Qfxc3+ 1-0

[Event "Challenge"]
[Site "http://www.queenalice.com/game.php?id=404220"]
[Date "2008.5.17"]
[Round "-"]
[White "babidiplay"]
[Black "sunking"]
[Result "0-1"]
[WhiteElo "1825"]
[BlackElo "1812"]

1. e4 e5 2. Nf3 Nc6 3. Bc4 Nd4 4. Nxd4 exd4 5. O-O Bc5 6. d3 Nf6 7. c3 d5 8. e5
Ng4 9. cxd4 Bxd4 10. Bb3 Bxe5 11. d4 Bd6 12. Bxd5 Qh4 13. Nd2 Qxh2# 0-1

[Event "Challenge"]
[Site "http://www.queenalice.com/game.php?id=414727"]
[Date "2008.6.7"]
[Round "-"]
[White "jpot2503"]
[Black "babidiplay"]
[Result "0-1"]
[WhiteElo "1905"]
[BlackElo "1722"]

1. d4 Nf6 2. c4 g6 3. Nc3 Bg7 4. e4 O-O 5. e5 Ne8 6. b4 b6 7. c5 bxc5 8. bxc5
Bb7 9. f4 d6 10. cxd6 cxd6 11. Nf3 dxe5 12. dxe5 Qxd1+ 13. Nxd1 Bxf3 14. gxf3
Nd6 15. Rb1 Nf5 16. Bd3 Nd7 17. Bxf5 gxf5 18. Rb7 Nc5 19. Rxe7 Nd3+ 20. Kd2 Rad8
21. Rg1 Nxf4+ 22. Kc2 Ne2 23. Be3 Nxg1 24. Bxg1 Rc8+ 25. Kd2 Rfd8+ 26. Ke1 Rc1
0-1

[Event "AUTO-INT-857"]
[Site "http://www.queenalice.com/game.php?id=435342"]
[Date "2008.7.18"]
[Round "2"]
[White "babidiplay"]
[Black "mvson33"]
[Result "0-1"]
[WhiteElo "1768"]
[BlackElo "1846"]

1. e4 d6 2. Nf3 Nf6 3. Nc3 c5 4. Bb5+ Bd7 5. Bxd7+ Nbxd7 6. O-O Nb6 7. d4 cxd4
8. Qxd4 Rc8 9. Bg5 Rc4 10. Qd3 h6 11. b3 Rc5 12. Be3 Rc6 13. Bxb6 Qxb6 14. Na4
Qc7 0-1

[Event "AUTO-INT-857"]
[Site "http://www.queenalice.com/game.php?id=435343"]
[Date "2008.7.18"]
[Round "2"]
[White "mvson33"]
[Black "babidiplay"]
[Result "1-0"]
[WhiteElo "1845"]
[BlackElo "1734"]

1. Nf3 c5 2. c4 Nf6 3. Nc3 d6 4. d4 cxd4 5. Nxd4 e5 6. Nb3 g6 7. Bg5 Bg7 8. Bxf6
Bxf6 9. Nd5 Nc6 10. g3 Bf5 11. Bg2 O-O 12. O-O e4 13. Nxf6+ Qxf6 14. e3 Qxb2 15.
Qxd6 Rad8 16. Qf4 a6 17. Bxe4 Bxe4 18. Qxe4 Rfe8 19. Qb1 Qxb1 20. Raxb1 Re4 21.
Nc5 Rd2 22. Nxe4 1-0

[Event "AUTO-INT-857"]
[Site "http://www.queenalice.com/game.php?id=435344"]
[Date "2008.7.18"]
[Round "2"]
[White "babidiplay"]
[Black "Chrischi"]
[Result "0-1"]
[WhiteElo "1790"]
[BlackElo "1724"]

1. e4 e5 2. Nf3 f6 3. Nxe5 g6 4. Nf3 Nc6 5. Nc3 Bb4 6. Bc4 Bxc3 7. bxc3 Qe7 8.
O-O d6 9. d4 Bg4 10. h3 Bxf3 11. Qxf3 a6 0-1

[Event "AUTO-INT-857"]
[Site "http://www.queenalice.com/game.php?id=435345"]
[Date "2008.7.18"]
[Round "2"]
[White "Chrischi"]
[Black "babidiplay"]
[Result "1-0"]
[WhiteElo "1759"]
[BlackElo "1746"]

1. e4 e5 2. Nf3 Nc6 3. c4 Bc5 4. Nc3 Nf6 5. d4 exd4 6. Na4 Bb4+ 7. Bd2 Bxd2+ 8.
Qxd2 O-O 9. O-O-O Nxe4 10. Qe2 Re8 11. Nxd4 Nc3 12. Qc2 Nxd1 13. Qxd1 Qg5+ 14.
Kb1 Nxd4 15. Qxd4 Re1+ 16. Kc2 b6 17. Qd2 Qxd2+ 18. Kxd2 Re8 19. Bd3 Bb7 20. f3
Bc6 21. Nc3 Red8 22. Ke3 Re8+ 23. Kd4 Rad8 24. Nd5 Bxd5 25. cxd5 c6 26. d6 c5+
27. Kc4 Re6 28. g4 1-0